| 000 | 01071cam a22003617a 4500 | ||
|---|---|---|---|
| 003 | CHAP | ||
| 005 | 20220817043527.0 | ||
| 008 | 990422d1997 it rn 00110 eng d | ||
| 010 | _a77570 | ||
| 011 | _a78542 | ||
| 035 | _a88531 | ||
| 040 | _cCHAP | ||
| 082 | 0 | 4 |
_a337 _bF3 |
| 110 | 2 | _aFAO | |
| 245 | 1 | 4 |
_aThe impact of the Uruguay round on tariff escalation in agricultural products _c/by Jostein Lindland |
| 260 |
_aRome : _bFAO, _c1997. |
||
| 300 | _a28 p. : | ||
| 410 | 2 | _aFAO | |
| 490 | 0 |
_aESCP _v;3 |
|
| 590 |
_aBATCH-UPD _b10 _c20130110 _lUCH01 _h0453 |
||
| 590 |
_aBATCH-UPD _b10 _c20130410 _lUCH01 _h0130 |
||
| 590 |
_aBATCH-UPD _b10 _c20130914 _lUCH01 _h1318 |
||
| 590 |
_aCONVERSION _b10 _c20130109 _lUCH01 _h1343 |
||
| 650 | 1 | 4 |
_aAranceles _xUruguay. _96491 |
| 650 | 1 | 4 |
_aProductos agrícolas _xExportación. _991945 |
| 700 | 0 |
_aLindland, Jostein. _966945 |
|
| 810 | 0 | _aFAO | |
| 830 | 0 | 0 |
_aESCP _v;3 _937580 |
| 901 | _aBK | ||
| 905 | _aLilia Sánchez G. | ||
| 942 | _cLIBRO | ||
| 949 |
_a337 F3 _bBC _cFAO _d33724000720314 _eFAO1 _h94612 _i88531 _kDonaciØn _sb |
||
| 999 |
_c77570 _d77570 |
||